Normal view
MARC view
- Woolf, Virginia,
Entry Personal Name
001 - CONTROL NUMBER
- control field: 132929
003 - CONTROL NUMBER IDENTIFIER
- control field: NUST
005 - DATE AND TIME OF LATEST TRANSACTION
- control field: 20260127121149.0
008 - FIXED-LENGTH DATA ELEMENTS
- fixed length control field: 260127|| aca||aabn | a|a d
040 ## - CATALOGING SOURCE
- Original cataloging agency: NUST
- Transcribing agency: NUST
100 ## - HEADING--PERSONAL NAME
- Personal name: Woolf, Virginia,
- Dates associated with a name: 1882-1941
670 ## - SOURCE DATA FOUND
- Source citation: Work cat.: (NUST)0: Woolf, Virginia, 1882-1941, To the lighthouse /, 2007.
